[Event "Newcastle Northumbria Masters"]
[Site "Newcastle on Tyne"]
[Date "2019.08.27"]
[Round "9"]
[White "Storey, Charles"]
[Black "Lam, Paul GM"]
[Result "1-0"]
[WhiteElo "2228"]
[BlackElo "2118"]
[PlyCount "89"]
[EventDate "2019.08.23"]
[EventType "swiss"]
[EventRounds "9"]
[EventCountry "ENG"]
[SourceTitle "EXT 2020"]
[Source "ChessBase"]
[SourceDate "2019.10.17"]
[SourceVersion "1"]
[SourceVersionDate "2019.10.17"]
[SourceQuality "1"]

1. g3 e5 2. Bg2 Nf6 3. c4 Bc5 4. Nc3 0-0 5. e3 d6 6. Nge2 c6 7. d4 Bb6 8. 0-0 Bg4 9. f3 Bc8 10. a3 Ba5 11. b4 Bc7 12. e4 a5 13. Rb1 axb4 14. axb4 Nbd7 15. d5 Qe7 16. Be3 cxd5 17. cxd5 Bb6 18. Qd3 Ne8 19. Nb5 Bxe3+ 20. Qxe3 f5 21. exf5 Ndf6 22. Qd3 Qf7 23. Nec3 Bd7 24. Rfd1 Nh5 25. Bh3 Qe7 26. Ra1 Rxa1 27. Rxa1 Qg5 28. Bg4 Nhf6 29. h4 Qh6 30. Qe2 Nh5 31. Kg2 Bxf5 32. Ra8 g6 33. Rd8 Nhf6 34. Bxf5 gxf5 35. Nxd6 Nxd6 36. Rxd6 Qc1 37. Nd1 e4 38. Nf2 Qc7 39. Re6 Qd7 40. fxe4 fxe4 41. Re5 h6 42. Qd1 Qd6 43. Qd4 Rd8 44. Nxe4 Ng4 45. Nxd6 1-0

[Event "Coventry 4NCL op-A 16th"]
[Site "Coventry"]
[Date "2017.11.04"]
[Round "2"]
[White "Lam, Paul GM"]
[Black "Bourne, Johnathan"]
[Result "1-0"]
[WhiteElo "2117"]
[BlackElo "1954"]
[PlyCount "73"]
[EventDate "2017.11.03"]
[EventType "swiss"]
[EventRounds "5"]
[EventCountry "ENG"]
[SourceTitle "CBM 181 Extra"]
[Source "ChessBase"]
[SourceDate "2017.12.12"]
[SourceVersion "1"]
[SourceVersionDate "2017.12.12"]
[SourceQuality "1"]

1. d4 Nf6 2. Nc3 d5 3. Bf4 e6 4. e3 Bd6 5. Bg3 0-0 6. Nf3 Bxg3 7. hxg3 c5 8. Ne5 Nc6 9. Bd3 g6 10. Nxc6 bxc6 11. Na4 cxd4 12. exd4 e5 13. dxe5 Ng4 14. Be2 Nxe5 15. Qd4 Re8 16. 0-0-0 Qf6 17. Rh4 Nd7 18. Qxf6 Nxf6 19. Bf3 Be6 20. Nc5 Rad8 21. Ra4 Re7 22. Re1 Rb8 23. Re3 Rb5 24. b4 Ne8 25. c4 dxc4 26. Bxc6 Rb8 27. Bd5 Nd6 28. Nxe6 fxe6 29. Rxe6 Rxe6 30. Bxe6+ Kg7 31. Ra6 Nb5 32. Rc6 Nd4 33. Rc7+ Kf6 34. Bxc4 Rxb4 35. a3 Ra4 36. Kb2 h6 37. Rc5 1-0

[Event "Coventry 4NCL op-A 16th"]
[Site "Coventry"]
[Date "2017.11.04"]
[Round "3"]
[White "Rushbrooke, Remy"]
[Black "Lam, Paul GM"]
[Result "0-1"]
[WhiteElo "1788"]
[BlackElo "2117"]
[PlyCount "58"]
[EventDate "2017.11.03"]
[EventType "swiss"]
[EventRounds "5"]
[EventCountry "ENG"]
[SourceTitle "CBM 181 Extra"]
[Source "ChessBase"]
[SourceDate "2017.12.12"]
[SourceVersion "1"]
[SourceVersionDate "2017.12.12"]
[SourceQuality "1"]

1. Nf3 Nc6 2. d4 d6 3. e4 Nf6 4. Nc3 Bg4 5. Be2 e6 6. 0-0 Be7 7. h3 Bh5 8. Be3 d5 9. e5 Nd7 10. Nh2 Bg6 11. f4 Nb4 12. Rc1 c5 13. g4 cxd4 14. Bxd4 Nc6 15. Kh1 Nxd4 16. Qxd4 f6 17. Rcd1 Bf7 18. Nf3 0-0 19. b4 Rc8 20. Bd3 Qb6 21. Qxb6 Nxb6 22. Ne2 Nc4 23. Rb1 fxe5 24. fxe5 Ne3 25. Rfc1 Bd8 26. Ned4 Be8 27. Rb3 Nc4 28. Rf1 Bd7 29. h4 Ne3 0-1

[Event "BCF-chT2d 1516 (4NCL) Demotion pool"]
[Site "England"]
[Date "2016.05.01"]
[Round "10.19"]
[White "Holes, Michal"]
[Black "Lam, Paul GM"]
[Result "1/2-1/2"]
[WhiteElo "2162"]
[BlackElo "2207"]
[PlyCount "69"]
[EventDate "2015.11.14"]
[EventType "team-tourn"]
[EventRounds "4"]
[EventCountry "ENG"]
[SourceTitle "EXT 2017"]
[Source "ChessBase"]
[SourceDate "2016.10.25"]
[SourceVersion "1"]
[SourceVersionDate "2016.10.25"]
[SourceQuality "1"]
[WhiteTeam "Hackney"]
[BlackTeam "Warwicks Select"]
[WhiteTeamCountry "ENG"]
[BlackTeamCountry "ENG"]

1. e4 Nc6 2. d4 d6 3. d5 Nb8 4. c4 Nf6 5. Nc3 g6 6. Be3 Bg7 7. Be2 0-0 8. Nf3 c5 9. h3 a6 10. e5 Ne8 11. exd6 exd6 12. Bg5 f6 13. Bh4 g5 14. Bg3 f5 15. 0-0 f4 16. Bh2 Bf5 17. Bd3 Nd7 18. Bxf5 Rxf5 19. Qc2 Rf7 20. Ne4 h6 21. Rae1 b6 22. Kh1 Ne5 23. h4 Nxf3 24. gxf3 Bf6 25. Rg1 Ng7 26. hxg5 hxg5 27. Rg4 Be7 28. Nxg5 Bxg5 29. Qg6 Bh4 30. Qh5 Bxf2 31. Re6 Qh4 32. Rxh4 Nxh5 33. Rxh5 Bd4 34. Reh6 Re8 35. Re6 1/2-1/2

[Event "BCF-chT2d 1516 (4NCL) Demotion pool"]
[Site "England"]
[Date "2016.03.20"]
[Round "8.19"]
[White "Allison, Conrad"]
[Black "Lam, Paul GM"]
[Result "0-1"]
[WhiteElo "2065"]
[BlackElo "2207"]
[PlyCount "69"]
[EventDate "2015.11.14"]
[EventType "team-tourn"]
[EventRounds "4"]
[EventCountry "ENG"]
[SourceTitle "EXT 2017"]
[Source "ChessBase"]
[SourceDate "2016.10.25"]
[SourceVersion "1"]
[SourceVersionDate "2016.10.25"]
[SourceQuality "1"]
[WhiteTeam "Cambridge II"]
[BlackTeam "Warwicks Select"]
[WhiteTeamCountry "ENG"]
[BlackTeamCountry "ENG"]

1. e4 Nf6 2. e5 Nd5 3. d4 d6 4. Nf3 dxe5 5. Nxe5 c6 6. Bc4 Nd7 7. 0-0 g6 8. Re1 Bg7 9. Bb3 0-0 10. c4 Nc7 11. Bf4 Ne6 12. Bg3 c5 13. d5 Nd4 14. Nc3 Nf6 15. Nf3 Bg4 16. Qd3 Bxf3 17. gxf3 Nh5 18. Nb5 Nxg3 19. Nxd4 Nh5 20. Ne2 Bxb2 21. Rab1 Bg7 22. Qe3 Qc8 23. Kg2 e5 24. dxe6 fxe6 25. Ng3 Nf4+ 26. Kh1 Bd4 27. Qd2 e5 28. Rg1 Nh3 29. Rg2 Rxf3 30. Ne4 Qc6 31. Bc2 Nxf2+ 32. Rxf2 Rxf2 33. Qd3 Raf8 34. Rg1 R2f3 35. Qd1 0-1

[Event "GBR-ch 102nd"]
[Site "Coventry"]
[Date "2015.08.04"]
[Round "8"]
[White "Lam, Paul GM"]
[Black "Willson, Ollie"]
[Result "1/2-1/2"]
[WhiteElo "2136"]
[BlackElo "1909"]
[PlyCount "102"]
[EventDate "2015.07.27"]
[EventType "swiss"]
[EventRounds "11"]
[EventCountry "ENG"]
[SourceTitle "CBM 167 Extra"]
[Source "ChessBase"]
[SourceDate "2015.09.14"]
[SourceVersion "1"]
[SourceVersionDate "2015.09.14"]
[SourceQuality "1"]

1. Nc3 d5 2. e4 d4 3. Nce2 e5 4. Ng3 g6 5. Nf3 Bg7 6. Bb5+ Bd7 7. Bxd7+ Qxd7 8. d3 c5 9. 0-0 Nc6 10. a4 Nge7 11. Ng5 0-0 12. Bd2 Nc8 13. f4 exf4 14. Rxf4 Ne5 15. Qe2 Nd6 16. b3 h6 17. Nh3 g5 18. Rff1 Ng4 19. Nf5 Ne3 20. Bxe3 Nxf5 21. exf5 dxe3 22. f6 Bh8 23. Rf3 Rfe8 24. Raf1 Qd4 25. Kh1 Re6 26. c3 Qxc3 27. Rxe3 Rxf6 28. Rb1 Bg7 29. Nf2 Qd4 30. Ng4 Rf4 31. h3 Rd8 32. Re1 Qd6 33. Nf2 Bd4 34. Ne4 Qg6 35. Rf3 Rxf3 36. Qxf3 b6 37. Ng3 Bg7 38. Nf5 Kh7 39. Re7 a6 40. g4 Rf8 41. Qb7 Qf6 42. Qe4 Kh8 43. Qd5 Qa1+ 44. Kg2 Qb2+ 45. Kg3 Qc1 46. Kg2 Qd2+ 47. Kg1 Qd1+ 48. Kg2 Bf6 49. Qd6 Qd2+ 50. Kf3 Qd1+ 51. Kf2 Bg7 1/2-1/2

[Event "GBR-ch 102nd"]
[Site "Coventry"]
[Date "2015.08.03"]
[Round "7"]
[White "Batchelor, Peter"]
[Black "Lam, Paul GM"]
[Result "1-0"]
[WhiteElo "2304"]
[BlackElo "2136"]
[PlyCount "91"]
[EventDate "2015.07.27"]
[EventType "swiss"]
[EventRounds "11"]
[EventCountry "ENG"]
[SourceTitle "CBM 167 Extra"]
[Source "ChessBase"]
[SourceDate "2015.09.14"]
[SourceVersion "1"]
[SourceVersionDate "2015.09.14"]
[SourceQuality "1"]

1. d4 Nc6 2. Nf3 d6 3. e4 Nf6 4. Nbd2 g6 5. c3 Bg7 6. Bd3 0-0 7. 0-0 e5 8. Re1 Nh5 9. dxe5 Nxe5 10. Nxe5 dxe5 11. Nf3 Qe7 12. Bg5 Bf6 13. Be3 Rd8 14. Qc2 Be6 15. Rad1 g5 16. Nd2 Nf4 17. Bf1 Qf8 18. Nb3 Rxd1 19. Rxd1 b6 20. Nc1 a5 21. a3 Qh6 22. Ne2 a4 23. c4 Bg4 24. Rd2 Bxe2 25. Bxe2 Be7 26. Bg4 Ne6 27. Rd5 Bd6 28. Bxe6 fxe6 29. Rd2 Bc5 30. Bxc5 bxc5 31. Rd7 Qf6 32. g3 Qf3 33. Qd2 h6 34. h4 Rf8 35. hxg5 h5 36. Rd8 Qxe4 37. Rxf8+ Kxf8 38. Qd8+ Kg7 39. Qe7+ Kg6 40. Qxe6+ Kg7 41. Qh6+ Kf7 42. Qxh5+ Ke7 43. Qh4 Qe1+ 44. Kg2 e4 45. g6+ Kd7 46. Qg4+ 1-0

[Event "GBR-ch 102nd"]
[Site "Coventry"]
[Date "2015.07.30"]
[Round "4"]
[White "Lam, Paul GM"]
[Black "Willmoth, Robert"]
[Result "1/2-1/2"]
[WhiteElo "2136"]
[BlackElo "2173"]
[PlyCount "134"]
[EventDate "2015.07.27"]
[EventType "swiss"]
[EventRounds "11"]
[EventCountry "ENG"]
[SourceTitle "CBM 167 Extra"]
[Source "ChessBase"]
[SourceDate "2015.09.14"]
[SourceVersion "1"]
[SourceVersionDate "2015.09.14"]
[SourceQuality "1"]

1. g3 d6 2. Bg2 e5 3. e4 Nf6 4. Nc3 Be7 5. Nge2 c6 6. d4 Nbd7 7. 0-0 0-0 8. a4 b6 9. f4 Bb7 10. h3 a6 11. g4 b5 12. a5 b4 13. Nb1 exd4 14. g5 Ne8 15. Nxd4 g6 16. b3 c5 17. Ne2 Ng7 18. Bb2 Re8 19. Nd2 Bf8 20. Ng3 Qc7 21. Nc4 Ne6 22. Qg4 Nd4 23. Rf2 Bg7 24. Raf1 Rad8 25. f5 Ne5 26. Qh4 Nxc4 27. bxc4 Re5 28. fxg6 fxg6 29. Kh1 Qe7 30. Bc1 h6 31. Rf7 Qxf7 32. Rxf7 Kxf7 33. Qf4+ Kg8 34. gxh6 Bh8 35. h7+ Kg7 36. Qh6+ Kf7 37. Bf4 Re6 38. Qg5 Bf6 39. Qg4 Bc8 40. Nf5 gxf5 41. exf5 Re1+ 42. Kh2 Bxf5 43. Qh5+ Bg6 44. Bd5+ Ne6 45. Qf3 Ke7 46. Bxd6+ Rxd6 47. Qxf6+ Kxf6 48. h8Q+ Kf7 49. Qb8 Rd7 50. Qc8 Re7 51. Qxc5 Re2+ 52. Kg3 Kf6 53. Qxb4 Rxc2 54. c5 Rxc5 55. Bxe6 Rg5+ 56. Bg4 Bf5 57. Qd6+ Be6 58. Qd4+ Kf7 59. Kf4 Rd5 60. Bxe6+ Kxe6 61. Qb6+ Rd6 62. Qb3+ Kf6 63. Qc3+ Kf7 64. Qb3+ Kg7 65. Qc3+ Kg6 66. Qg3+ Kf7 67. Qb3+ Kg7 1/2-1/2

[Event "GBR-ch 102nd"]
[Site "Coventry"]
[Date "2015.07.29"]
[Round "3"]
[White "Weaving, Richard"]
[Black "Lam, Paul GM"]
[Result "1/2-1/2"]
[WhiteElo "2257"]
[BlackElo "2136"]
[PlyCount "64"]
[EventDate "2015.07.27"]
[EventType "swiss"]
[EventRounds "11"]
[EventCountry "ENG"]
[SourceTitle "CBM 167 Extra"]
[Source "ChessBase"]
[SourceDate "2015.09.14"]
[SourceVersion "1"]
[SourceVersionDate "2015.09.14"]
[SourceQuality "1"]

1. e4 Nf6 2. e5 Nd5 3. d4 d6 4. Nf3 dxe5 5. Nxe5 c6 6. Be2 Nd7 7. f4 Nxe5 8. fxe5 g6 9. 0-0 Bg7 10. c4 Nc7 11. Bf4 Ne6 12. Be3 c5 13. d5 Nd4 14. Bxd4 cxd4 15. Qxd4 Qc7 16. c5 Qxe5 17. Bb5+ Kf8 18. Qxe5 Bxe5 19. Nc3 Bd4+ 20. Kh1 Bxc5 21. Ne4 Bd4 22. d6 Bf5 23. Rae1 e5 24. Bc4 h6 25. Ng3 Rd8 26. Nxf5 gxf5 27. Rxf5 Rh7 28. Ref1 Rxd6 29. Bxf7 Ke7 30. Bb3 Bxb2 31. Rf7+ Rxf7 32. Rxf7+ Kd8 1/2-1/2

[Event "GBR-ch 102nd"]
[Site "Coventry"]
[Date "2015.07.28"]
[Round "2"]
[White "Lam, Paul GM"]
[Black "Grieve, Harry"]
[Result "1-0"]
[WhiteElo "2136"]
[BlackElo "1899"]
[PlyCount "85"]
[EventDate "2015.07.27"]
[EventType "swiss"]
[EventRounds "11"]
[EventCountry "ENG"]
[SourceTitle "CBM 167 Extra"]
[Source "ChessBase"]
[SourceDate "2015.09.14"]
[SourceVersion "1"]
[SourceVersionDate "2015.09.14"]
[SourceQuality "1"]

1. g3 c5 2. Bg2 Nc6 3. e4 e6 4. Ne2 g6 5. d4 cxd4 6. Nxd4 Qb6 7. Nxc6 bxc6 8. Be3 Bc5 9. Bxc5 Qxc5 10. 0-0 Ne7 11. Nc3 d5 12. Qd2 0-0 13. e5 Rb8 14. Qg5 Nf5 15. Rab1 h6 16. Qf4 Rb4 17. Qd2 Ba6 18. Rfe1 Rfb8 19. a3 Rd4 20. Qc1 Kg7 21. Nd1 Rc4 22. b4 Qb6 23. Nb2 Rg4 24. Na4 Qd8 25. Nc5 Bc4 26. Bh3 Rg5 27. f4 Nxg3 28. fxg5 Ne2+ 29. Rxe2 Bxe2 30. gxh6+ Kh7 31. Qf4 Qe7 32. Bf1 Qxc5+ 33. bxc5 Rxb1 34. Qxf7+ Kxh6 35. Qxe6 Bxf1 36. Kf2 Bb5 37. Qd7 Rf1+ 38. Kg2 Rf5 39. e6 Rg5+ 40. Kf2 Rf5+ 41. Ke3 Re5+ 42. Kd2 Re2+ 43. Kd1 1-0

[Event "BCF-chT1d 1415 (4NCL) Demotion pool"]
[Site "England"]
[Date "2015.05.03"]
[Round "10.185"]
[White "Sowray, Peter John"]
[Black "Lam, Paul GM"]
[Result "1-0"]
[WhiteElo "2313"]
[BlackElo "2155"]
[PlyCount "81"]
[EventDate "2014.11.15"]
[EventType "team-tourn"]
[EventRounds "4"]
[EventCountry "ENG"]
[SourceTitle "EXT 2023"]
[Source "ChessBase"]
[SourceDate "2022.10.05"]
[SourceVersion "1"]
[SourceVersionDate "2022.10.05"]
[SourceQuality "1"]
[WhiteTeam "e2e4.org.uk"]
[BlackTeam "Warwicks Select"]
[WhiteTeamCountry "ENG"]
[BlackTeamCountry "ENG"]

1. d4 e6 2. c4 f5 3. Nc3 Nf6 4. e3 Bb4 5. Qc2 b6 6. Bd3 Bb7 7. f3 0-0 8. Nge2 c5 9. a3 Ba5 10. 0-0 Nc6 11. b3 a6 12. Bb2 cxd4 13. exd4 b5 14. Rad1 Bb6 15. c5 Ba7 16. b4 Ne7 17. a4 Ned5 18. Nxd5 Nxd5 19. Qd2 Bb8 20. axb5 axb5 21. Bxb5 f4 22. Ra1 Ne3 23. Rf2 Rxa1+ 24. Bxa1 Rf5 25. Nc3 Rh5 26. h3 Qe8 27. Bd3 Bc7 28. Bb2 Bd8 29. Be4 Bc8 30. Re2 Bh4 31. b5 d5 32. cxd6 Bg3 33. b6 Nc4 34. Qd3 Nxb6 35. Ba3 Qd7 36. Bc5 Na4 37. Qc4 Nxc3 38. Qxc3 Ba6 39. Rb2 Qa4 40. Rb1 Qa2 41. Qb2 1-0

[Event "BCF-chT1a 1415 (4NCL)"]
[Site "England"]
[Date "2015.01.11"]
[Round "4.137"]
[White "Lam, Paul GM"]
[Black "Ledger, Stephen C"]
[Result "1/2-1/2"]
[WhiteElo "2123"]
[BlackElo "2079"]
[PlyCount "73"]
[EventDate "2014.11.15"]
[EventType "team-swiss"]
[EventRounds "11"]
[EventCountry "ENG"]
[SourceTitle "EXT 2016"]
[Source "ChessBase"]
[SourceDate "2015.10.08"]
[SourceVersion "1"]
[SourceVersionDate "2015.10.08"]
[SourceQuality "1"]
[WhiteTeam "Warwicks Select"]
[BlackTeam "Blackthorne Russia"]
[WhiteTeamCountry "ENG"]
[BlackTeamCountry "ENG"]

1. e4 d5 2. Nc3 dxe4 3. Nxe4 Nf6 4. Nxf6+ exf6 5. d4 Bd6 6. Bd3 Nc6 7. c3 Ne7 8. Qc2 g6 9. Ne2 Bf5 10. Ng3 Bxd3 11. Qxd3 Qd7 12. Ne4 0-0-0 13. 0-0 f5 14. Nxd6+ Qxd6 15. Qf3 f6 16. b4 Rhe8 17. a4 Qd5 18. Qd3 Qe4 19. Qd2 Nc6 20. f3 Qe2 21. Ra2 Qc4 22. b5 Na5 23. Ba3 Qd5 24. Qf2 Nc4 25. Bc1 Re6 26. Re2 Rde8 27. Rfe1 g5 28. Kf1 f4 29. Rxe6 Rxe6 30. Rxe6 Qxe6 31. Qe2 Kd7 32. Qd3 Nd6 33. Qxh7+ Kc8 34. Qh8+ Kd7 35. Qh7+ Kc8 36. Qh8+ Kd7 37. Qh7+ 1/2-1/2

[Event "BCF-chT2a 1314 (4NCL)"]
[Site "England"]
[Date "2014.02.16"]
[Round "6.16"]
[White "Lam, Paul GM"]
[Black "Gray, Mark S"]
[Result "0-1"]
[WhiteElo "2127"]
[BlackElo "2087"]
[PlyCount "122"]
[EventDate "2013.11.16"]
[EventType "team-swiss"]
[EventRounds "11"]
[EventCountry "ENG"]
[SourceTitle "EXT 2015"]
[Source "ChessBase"]
[SourceDate "2014.11.20"]
[SourceVersion "1"]
[SourceVersionDate "2014.11.20"]
[SourceQuality "1"]
[WhiteTeam "Warwicks Select"]
[BlackTeam "Anglian Avengers"]
[WhiteTeamCountry "ENG"]
[BlackTeamCountry "ENG"]

1. g3 d5 2. Bg2 Nf6 3. Nf3 e6 4. 0-0 Be7 5. b3 0-0 6. Bb2 c5 7. d3 Nc6 8. Nbd2 d4 9. e4 e5 10. Nc4 Qc7 11. a4 Ne8 12. Nfd2 Be6 13. f4 f6 14. Rf2 Nd6 15. Qf1 Qd7 16. Nf3 Nf7 17. Re1 Bd6 18. Nh4 Bc7 19. Bc1 a6 20. Nf5 b5 21. Nb2 Nd6 22. g4 Nf7 23. g5 fxg5 24. fxg5 Ba5 25. Ree2 g6 26. Ng3 Bg4 27. Bf3 Bh3 28. Bg2 Bg4 29. Bf3 Bd8 30. h4 Be7 31. Qg2 Nd6 32. Nf1 Bxf3 33. Rxf3 Rxf3 34. Qxf3 Rf8 35. Qg3 Qe6 36. axb5 axb5 37. Nd1 c4 38. bxc4 bxc4 39. Ba3 Rf4 40. Nf2 cxd3 41. cxd3 Nb5 42. Bxe7 Nc3 43. Rb2 Nxe7 44. Nh2 Qa6 45. Kg2 Qa1 46. Rb8+ Kf7 47. Nf3 Ne2 48. Nxe5+ Ke6 49. Rb6+ Nc6 50. Rxc6+ Ke7 51. Qh2 Qe1 52. Nf3 Qb1 53. Qh3 Rf5 54. Qh1 Nf4+ 55. Kh2 Qb2 56. Qf1 Ra5 57. Rc1 Nxd3 58. Rb1 Qxf2+ 59. Qxf2 Nxf2 60. Nxd4 Ra4 61. Rb7+ Kd6 0-1

[Event "BCF-chT1b 1213 (4NCL)"]
[Site "England"]
[Date "2013.01.12"]
[Round "3.167"]
[White "Lam, Paul GM"]
[Black "Naylor, John"]
[Result "1/2-1/2"]
[WhiteElo "2123"]
[BlackElo "2153"]
[PlyCount "26"]
[EventDate "2012.11.03"]
[EventType "team-tourn"]
[EventRounds "7"]
[EventCountry "ENG"]
[SourceTitle "EXT 2014"]
[Source "ChessBase"]
[SourceDate "2013.11.20"]
[SourceVersion "1"]
[SourceVersionDate "2013.11.20"]
[SourceQuality "1"]
[WhiteTeam "Warwicks Select"]
[BlackTeam "Jutes of Kent"]
[WhiteTeamCountry "ENG"]
[BlackTeamCountry "ENG"]

1. d4 d6 2. Bg5 Nd7 3. Nd2 Ngf6 4. e4 e5 5. d5 Be7 6. Be3 0-0 7. Qf3 c6 8. c4 Qa5 9. Bd3 Nc5 10. Bxc5 Qxc5 11. Ne2 Qb4 12. b3 cxd5 13. cxd5 Bg4 1/2-1/2

[Event "BCF-chT1b 1213 (4NCL)"]
[Site "England"]
[Date "2012.11.03"]
[Round "1.157"]
[White "Lam, Paul GM"]
[Black "Suarez Real, Alberto"]
[Result "1/2-1/2"]
[WhiteElo "2123"]
[BlackElo "2408"]
[PlyCount "41"]
[EventDate "2012.11.03"]
[EventType "team-tourn"]
[EventRounds "7"]
[EventCountry "ENG"]
[SourceTitle "EXT 2013"]
[Source "ChessBase"]
[SourceDate "2012.11.22"]
[SourceVersion "1"]
[SourceVersionDate "2012.11.22"]
[SourceQuality "1"]
[WhiteTeam "Warwicks Select"]
[BlackTeam "Guildford"]
[WhiteTeamCountry "ENG"]
[BlackTeamCountry "ENG"]

1. e4 c5 2. Nf3 Nc6 3. Bb5 Nf6 4. Bxc6 dxc6 5. d3 Bg4 6. Nbd2 Nd7 7. b3 e5 8. Bb2 Qc7 9. Nc4 f6 10. Ne3 Be6 11. Qe2 g6 12. Nd2 Be7 13. h4 h5 14. g3 Bf7 15. Ng2 Nf8 16. f4 Ne6 17. Qf2 Nd4 18. Ne3 exf4 19. gxf4 Bd6 20. Rf1 0-0-0 21. 0-0-0 1/2-1/2

[Event "EU Union-ch 4th"]
[Site "Liverpool"]
[Date "2008.09.18"]
[Round "10"]
[White "Kett, Timothy"]
[Black "Lam, Paul GM"]
[Result "1/2-1/2"]
[WhiteElo "2247"]
[BlackElo "2104"]
[PlyCount "92"]
[EventDate "2008.09.09"]
[EventType "swiss"]
[EventRounds "10"]
[EventCountry "ENG"]
[SourceTitle "CBM 126 Extra"]
[Source "ChessBase"]
[SourceDate "2008.11.05"]
[SourceVersion "1"]
[SourceVersionDate "2008.11.05"]
[SourceQuality "1"]

1. e4 Nf6 2. e5 Nd5 3. c4 Nb6 4. d4 d6 5. f4 dxe5 6. fxe5 g6 7. Nc3 Bg7 8. c5 Nd5 9. Bc4 e6 10. Nf3 b6 11. Bg5 Qd7 12. Ne4 Ba6 13. b3 h6 14. Bf6 0-0 15. Qd2 Qc6 16. Bxg7 Kxg7 17. h4 f5 18. Bxd5 exd5 19. Nf6 Nd7 20. Nxd7 Qxd7 21. Rc1 f4 22. h5 g5 23. Qc2 Qf7 24. cxb6 cxb6 25. Qc7 Rac8 26. Qxf7+ Kxf7 27. Kf2 Ke6 28. Nh2 Kf5 29. g4+ fxg3+ 30. Kxg3 Rxc1 31. Rxc1 Ke4 32. Re1+ Kxd4 33. e6 Bc8 34. Ng4 Re8 35. Nxh6 Rxe6 36. Nf5+ Kd3 37. Rc1 Bd7 38. Rc7 Be8 39. Ng7 Re3+ 40. Kg4 d4 41. Nf5 Re5 42. h6 Bg6 43. Ng3 Ke3 44. Rg7 Bc2 45. h7 Bxh7 46. Rxh7 Ra5 1/2-1/2

[Event "BCF-chT3 0607 (4NCL)"]
[Site "Sunningdale"]
[Date "2006.11.12"]
[Round "4.1"]
[White "Richmond, Peter A"]
[Black "Lam, Paul GM"]
[Result "0-1"]
[WhiteElo "2248"]
[BlackElo "2096"]
[PlyCount "82"]
[EventDate "2006.09.16"]
[EventType "team"]
[EventRounds "11"]
[EventCountry "ENG"]
[SourceTitle "EXT 2008"]
[Source "ChessBase"]
[SourceDate "2007.11.25"]
[SourceVersion "1"]
[SourceVersionDate "2007.11.25"]
[SourceQuality "1"]
[WhiteTeam "Braille Chess Association"]
[BlackTeam "Bristol II"]
[WhiteTeamCountry "ENG"]
[BlackTeamCountry "ENG"]

1. e4 Nf6 2. e5 Nd5 3. Qf3 Nb6 4. d4 d5 5. c3 g6 6. Bd3 Bg7 7. Ne2 0-0 8. g4 f6 9. Qg3 c5 10. f4 cxd4 11. cxd4 f5 12. h3 Nc6 13. Nd2 a5 14. Nf3 Nb4 15. Bb1 Bd7 16. a3 Na6 17. Nc3 Rc8 18. Kf2 Rc6 19. Ba2 Nc7 20. Ne1 Qc8 21. Rg1 fxg4 22. hxg4 Nc4 23. Nd3 Rf7 24. Ke2 Ne6 25. Qf2 Nxa3 26. Bxd5 Nc2 27. Bxe6 Bxe6 28. Rxa5 Qd8 29. d5 Rxc3 30. bxc3 Bxg4+ 31. Rxg4 Qxa5 32. Qc5 Qa4 33. Kd2 Na1 34. Qc8+ Rf8 35. Qe6+ Kh8 36. Rg1 Nb3+ 37. Ke3 Qa7+ 38. Ke2 Qxg1 39. Be3 Qb1 40. Nf2 Qc2+ 41. Kf3 Nd2+ 0-1

[Event "GBR-ch op"]
[Site "Swansea"]
[Date "2006.08.10"]
[Round "4.53"]
[White "Green, Andrew"]
[Black "Lam, Paul GM"]
[Result "1/2-1/2"]
[WhiteElo "1906"]
[BlackElo "2102"]
[PlyCount "120"]
[EventDate "2006.08.06"]
[EventType "swiss"]
[EventRounds "11"]
[EventCountry "WLS"]
[SourceTitle "CBM 113 Extra"]
[Source "ChessBase"]
[SourceDate "2006.09.14"]
[SourceVersion "1"]
[SourceVersionDate "2006.09.14"]
[SourceQuality "1"]

1. e4 Nc6 2. Nf3 d6 3. d4 Nf6 4. c3 Bg4 5. h3 Bh5 6. Nbd2 e6 7. Bd3 Be7 8. Qb3 Rb8 9. Nf1 Bg6 10. Ng3 d5 11. Qc2 0-0 12. 0-0 a6 13. a4 b6 14. Ne5 Nxe5 15. dxe5 Nd7 16. exd5 Bxd3 17. Qxd3 Nxe5 18. Qe2 Qxd5 19. Rd1 Qb3 20. Bf4 f6 21. Bxe5 fxe5 22. Rd7 Bd6 23. Ne4 Rbd8 24. Rxd8 Rxd8 25. Qg4 Be7 26. c4 Qxb2 27. Qxe6+ Kh8 28. Rf1 Qb4 29. Qxe5 Bd6 30. Qe6 h6 31. Nf6 Qc3 32. Ng4 Rf8 33. Ne3 Bc5 34. Nf5 Qf6 35. Qxf6 Rxf6 36. g4 Rc6 37. Rd1 Bd6 38. Nxd6 cxd6 39. Rd4 Kg8 40. f4 Kf7 41. Kf2 Ke7 42. Ke3 Rc5 43. f5 Ra5 44. Re4+ Kd7 45. Re6 Rxa4 46. Kd4 b5 47. Kd5 bxc4 48. Rxd6+ Ke7 49. Rc6 a5 50. Rc5 Ra3 51. Rxc4 Rxh3 52. Ke5 Rh4 53. Rc7+ Kf8 54. Ke6 Kg8 55. f6 gxf6 56. Kxf6 Rxg4 57. Rc8+ Kh7 58. Rc7+ Kh8 59. Ra7 h5 60. Rxa5 h4 1/2-1/2

[Event "GBR-ch op"]
[Site "Swansea"]
[Date "2006.08.07"]
[Round "1.64"]
[White "Lam, Paul GM"]
[Black "Anandajeyarajah, Similan J"]
[Result "1-0"]
[WhiteElo "2102"]
[BlackElo "1707"]
[PlyCount "57"]
[EventDate "2006.08.06"]
[EventType "swiss"]
[EventRounds "11"]
[EventCountry "WLS"]
[SourceTitle "CBM 113 Extra"]
[Source "ChessBase"]
[SourceDate "2006.09.14"]
[SourceVersion "1"]
[SourceVersionDate "2006.09.14"]
[SourceQuality "1"]

1. e4 e6 2. Nf3 d5 3. e5 c5 4. b4 cxb4 5. a3 Bd7 6. axb4 Bxb4 7. c3 Bc5 8. d4 Be7 9. Bd3 b5 10. 0-0 b4 11. cxb4 Bxb4 12. Ng5 Nh6 13. Qh5 Nc6 14. Nxh7 Be7 15. Bxh6 gxh6 16. Bg6 Rxh7 17. Bxh7 Nxd4 18. Nc3 Bb4 19. Na2 Be7 20. Bg8 Bb5 21. Rfd1 Kd7 22. Bxf7 Ne2+ 23. Kh1 Qf8 24. Qg6 Nf4 25. Bxe6+ Nxe6 26. Rxd5+ Kc7 27. Qxe6 a6 28. Rc1+ Kb7 29. Rxb5+ 1-0

[Event "BCF-chT3 0506 (4NCL)"]
[Site "Birmingham"]
[Date "2006.05.01"]
[Round "11.3"]
[White "Lam, Paul GM"]
[Black "Broomfield, Matthew"]
[Result "0-1"]
[WhiteElo "2070"]
[BlackElo "2303"]
[PlyCount "74"]
[EventDate "2005.10.22"]
[EventType "team"]
[EventRounds "11"]
[EventCountry "ENG"]
[SourceTitle "EXT 2007"]
[Source "ChessBase"]
[SourceDate "2006.11.23"]
[SourceVersion "1"]
[SourceVersionDate "2006.11.23"]
[SourceQuality "1"]
[WhiteTeam "Bristol II"]
[BlackTeam "Hilsmark Kingfisher II"]
[WhiteTeamCountry "ENG"]
[BlackTeamCountry "ENG"]

1. d4 Nf6 2. c3 b6 3. Bg5 Bb7 4. Nd2 e6 5. e3 Be7 6. Ngf3 c5 7. Bd3 h6 8. Bh4 cxd4 9. exd4 d6 10. Qe2 a6 11. 0-0 Nbd7 12. Rfe1 0-0 13. h3 Re8 14. Rad1 Ra7 15. Bg3 b5 16. Ne4 Nb6 17. Nxf6+ Bxf6 18. Nd2 Be7 19. Bc2 Bf8 20. Qd3 g6 21. h4 h5 22. Re2 Bd5 23. b3 Rc7 24. Bb1 Qa8 25. f3 Qd8 26. Be1 Be7 27. g3 Qa8 28. Rf2 f5 29. Nf1 e5 30. Qe3 Bf7 31. Qh6 Nd5 32. g4 Nf4 33. Kh2 fxg4 34. fxg4 Bxh4 35. Ng3 Bxg3+ 36. Kxg3 Qh1 37. Rxf4 exf4+ 0-1